000 00494nam a2200193Ia 4500
003 OSt
005 20221007082717.0
006 a|||||r|||| 00| 0
007 ta
008 221006b |||||||| |||| 00| 0 eng d
024 _a22,659
037 _cDissertations
040 _aFLL
_cFLL
_beng
041 _2eng
_aeng
100 _aBhandari B.P.
_9566082
245 0 _aJudicial control of subordinate legislation 1988
942 _cDIS
_2CC
999 _c1167464
_d1167464